000 01317nam a2200277Ia 4500
999 _c53441
_d53441
001 20485
003 GE_BSU
005 20210102211051.0
008 181216s1974||||ge |||||||||||||| || ||
040 _cGE_BSU
041 _ageo
080 _a811.353.1-8(075.3) რ-21
100 _aრამიშვილი, ვალერიან
_91173
245 _aქართული ენა : გრამატიკა, მართლწერა და მეტყველების განვითარება :
_bმე-2 კლ. სახელმძღვ../
_c ვალერიან რამიშვილი ; რედ. ე. პოლოლიკაშვილი.
250 _aმე-5 გამოცემა
264 _aთბილისი :
_bგანათლება,
_c1974.
300 _a99გვ. :
_bილ. ;
_c21 სმ.
541 _h10 თ.
653 _aმე-2 კლასის სახელმძღვანელო
653 _aქართული ენა
653 _a გრამატიკა
653 _aმართლწერა
653 _aმეტყველების განვითარება
700 _aპოლოლიკაშვილი, ე.
_eრედაქტორი
_94959
942 _cBK
_2udc